000 01602nam0a2200409 4500
001 RU\NLR\bibl\183571
005 20250618063558.0
010 _a5-9221-0099-8
_9400
021 _aRU
_b2001-23109
_91096
035 _a(NLR Aleph) 000180173
090 _a1040074
_c1040074
100 _a20010731d2001 |||y0rusy50 ca
101 0 _arus
102 _aRU
105 _aa |||||||||
200 1 _aСимметрия и физические свойства антиферромагнетиков
_fЕ. А. Туров, А. В. Колчанов, В. В. Меньшенин и др.
210 _aМ.
_cФизматлит
_d2001
215 _a559 с.
_cил.
_d22
320 _aБиблиогр.: с. 530-559
320 _aУказ. соед.: с. 528-529
606 0 _aАнтиферромагнетики
_xФизические свойства
_9988688
_3RU\NLR\auth\6655154
606 0 _aАнтиферромагнетики
_xСимметрия
_92219329
_3RU\NLR\auth\661332734
610 0 _aАнтиферромагнетики
675 _a537.622:548.12
_v3
_zrus
686 _a29.19
_2rugasnti
686 _a22.37
_2rubbk
686 _aВ373.35
701 1 _aТуров
_bЕ. А.
_gЕвгений Акимович
_4070
701 1 _aКолчанов
_bА. В.
_gАндрей Вячеславович
_4070
701 1 _aМеньшенин
_bВ. В.
_gВладимир Васильевич
_4070
801 0 _aRU
_bRKP
_c20010731
_gPSBO
801 1 _aRU
_bRKP
_c20010731
801 2 _aRU
_bNLR
_c20011010
_grcr
830 _aАвторы по кн.
942 _cBOOK
980 _aNB